Statistics for Matt Damon... or Ben Affleck

Click here to take the quiz!

General Stats

  • This quiz has been taken 9,461 times
  • The average score is 10 of 15

Answer Stats

QuestionAnswer% Correct
Starred as Batman in a movieBen Affleck
94%
Starred in "Saving Private Ryan"Matt Damon
87%
Is the taller of the twoBen Affleck
85%
Has been married to the same woman since 2005Matt Damon
85%
Has a brother who is also a Hollywood starBen Affleck
83%
Grew up in the Boston areaBoth
79%
Has dated multiple women named JenniferBen Affleck
76%
Has won a Golden Raspberry for Worst ActorBen Affleck
73%
Wrote the screenplay to "Good Will Hunting"Both
64%
Starred in the movie "Dazed and Confused"Ben Affleck
55%
Directed a movie which won an Oscar for Best PictureBen Affleck
52%
Went to HarvardMatt Damon
52%
Starred in a movie where his character went into outer spaceBoth
44%
Has won a major professional poker tournamentBen Affleck
43%
Starred in the movie "Dogma", directed by Kevin SmithBoth
40%

Score Distribution

Percentile by Number Answered

Percent of People with Each Score

Your Score History

You have not taken this quiz